| 000 | 00475nam a22001697a 4500 | ||
|---|---|---|---|
| 005 | 20140708120623.0 | ||
| 010 | _aENG-109868 | ||
| 020 |
_c300.00 _a9788181579256 |
||
| 035 | _aEN-93401 | ||
| 037 | _bDBAD/PUB | ||
| 100 | _aGomez, Daphne | ||
| 245 | 0 | 0 |
_aModes of illusion in the plays of Edward Albee / _cby Daphne Gomez |
| 260 |
_aCalcatta _bWriters Workshop _c2009 |
||
| 270 |
_a162/92 Lake Gardens _bCalcutta _e700045 |
||
| 300 |
_a249p. _c22cm(Hb) |
||
| 942 |
_2ddc _cEN _mGOM |
||
| 999 |
_c84028 _d84028 |
||